000 00677nam a2200193Ii 4500
003 JO-AjNU
008 230605s9999||||xx |||||||||||||| ||und||
040 _aJO-AjNU
_bara
_erda
_cJO-AjNU
041 _aara
050 1 4 _aPJ7750.I276.Z7873 1900
100 3 _aجمع وتحقيق نصار،حسين,
_eauthor
_915002
245 0 0 _aإبن وكيع التنيسي: شاعر الزهر والخمر
264 3 1 _aالقاهرة:مكتبة مصر،1900
300 _a101ص
336 _atext
_btxt
_2rdacontent
337 _aunmediated
_bn
_2rdamedia
338 _avolume
_bnc
_2rdacarrier
650 4 _a الشعراء العرب - تراجم - ابن وكيع التنيسي
_915003
999 _aA4135
_c7703
_d7703